| 000 | 00466nam a2200193Ia 4500 | ||
|---|---|---|---|
| 005 | 20231012100748.0 | ||
| 008 | 131103s9999 xx 000 0 und d | ||
| 020 | _a8186939016 | ||
| 040 | _aLoreto College | ||
| 041 | _aEnglish | ||
| 082 |
_aF _bSEA |
||
| 100 | _aSealy,I.Allan | ||
| 245 | 4 |
_aThe Everest Hotel _cI.Allan Sealy |
|
| 260 |
_aNew Delhi _bIndia - Ink _c1998 |
||
| 300 | _a329 p. | ||
| 650 | _aFiction in English | ||
| 850 | _aLCLIB | ||
| 942 | _cBK | ||
| 999 |
_c15069 _d65548 |
||